000 00597cam a22002291 4500
001 sa 66002597
003 DLC
005 20260227112230.0
008 940604s1964 ii 000 0 malo
010 _asa 66002597
025 _aPL480:I-Mal-700
035 _a(OCoLC)30549025
040 _aDLC
_cCU
_dCU
_dDLC
042 _apremarc
050 0 0 _aPL4718.9.V28
_bP7
100 1 _aVarkki, Muṭṭattu,
_d1918-
245 1 0 _aPr̲iyamuḷḷavaḷē ninakkuvēṇṭi.
260 _a[n.p.,
_bJ. Johnson,
_c1964]
300 _a99 p.
_c19 cm.
500 _aIn Malayalam.
500 _aProse poems.
999 _c68473
_d68473